Modul pengajaran : rampaisari prosa warisan
| Main Author: | |
|---|---|
| Format: | Book |
| Published: |
Kuala Lumpur :
Fajar Bakti ,
1993
|
| Subjects: |
MARC
| LEADER | 00000cam a2200000 7i4500 | ||
|---|---|---|---|
| 001 | 0000004002 | ||
| 002 | 000004308 | ||
| 005 | 20080111.0 | ||
| 020 | |a 9676522561 | ||
| 090 | 0 | 0 | |a 899.2807 |b TUA |
| 100 | 0 | |a Tuan Sharif Putera | |
| 245 | 1 | 0 | |a Modul pengajaran : |b rampaisari prosa warisan |c TuanSharif Putera |
| 260 | |a Kuala Lumpur : |b Fajar Bakti , |c 1993 | ||
| 300 | |a 144p. ; |c 13cm. | ||
| 650 | 0 | 0 | |a Malay literature |
| 650 | 0 | 0 | |a Malay literature |x Study and teaching |
| 999 | |a 037228 |b BUKU |c PINJAMAN |e PERPUSTAKAAN KOMUNITI PETALING JAYA | ||